[Event "It (open)"]
[Site "masterchessopen.com Metz (France)"]
[Round "6"]
[White "Pimenta Antonio (POR)"]
[Black "Philippe Christophe (FRA)"]
[Result "0-1"]
[WhiteElo "1971"]
[BlackElo "2290"]

1.e4 c5 2.Nf3 Nc6 3.c4 g6 4.d4 cxd4 5.Nxd4 Bg7 6.Be3 Nf6 7.Nc3 Ng4 8.Qxg4 Nxd4
9.Qd1 e5 10.Nb5 O-O 11.Qd2 Qe7 12.O-O-O Nxb5 13.cxb5 d5 14.exd5 Bf5 15.Bd3 e4
16.Be2 Rfd8 17.g4 Be6 18.d6 Qd7 19.Kb1 a6 20.a4 axb5 21.Bxb5 Ba2+ 22.Ka1 Qe6
23.Qb4 Bb3 24.Rd2 Bxa4 25.Bxa4 Qd7 26.Kb1 Rxa4 27.Qb6 Rda8 28.Rdd1 Qe6 29.Kc2
Rc4+ 30.Kd2 Rc6 31.Qxb7 Rxd6+ 32.Kc2 Qc4+ 33.Kb1 Rda6 {#R} 0-1

[Event "It (open) \"]
[Site "masterchessopen.com Miskolc (Hungary)"]
[Round "5"]
[White "Gonczi Jozsef (HUN)"]
[Black "Szabo Gergely (HUN)"]
[Result "0-1"]
[WhiteElo "2138"]
[BlackElo "2135"]

1.e4 c5 2.Nf3 Nc6 3.d4 cxd4 4.Nxd4 g6 5.c4 Bg7 6.Be3 Nf6 7.Nc3 Ng4 8.Qxg4 Nxd4
9.Qd1 Ne6 10.Be2 d6 11.O-O O-O 12.f4 Bd7 13.Rc1 a6 14.Nd5 Bc6 15.b4 f5 16.exf5
gxf5 17.b5 Be8 18.Bh5 Nc5 19.Re1 Bxh5 20.Qxh5 Ne4 21.b6 Qd7 22.Qd1 Rad8 23.Nc7
e6 24.Bd4 Rf7 25.Qd3 h6 26.Bxg7 Rxg7 27.Qh3 Rg6 28.Red1 Qc6 29.Qe3 Nc5 30.g3
Qxb6 31.Nd5 exd5 32.Rxd5 Re6 33.Qd4 Re4 34.Qf6 Nd7+ {#R} 0-1

[Event "Cup Russia (open)"]
[Site "masterchessopen.com Moscow (Russia)"]
[Round "7"]
[White "Vokarev Sergey (RUS)"]
[Black "Polovnikova Ekaterina (RUS)"]
[Result "1-0"]
[WhiteElo "2480"]
[BlackElo "2325"]

1.e4 c5 2.Nf3 Nc6 3.d4 cxd4 4.Nxd4 g6 5.c4 Bg7 6.Be3 Nf6 7.Nc3 Ng4 8.Qxg4 Nxd4
9.Qd1 Ne6 10.Rc1 Qa5 11.Bd3 g5 12.O-O b6 13.Bd2 Qe5 14.b4 Nf4 15.Bb1 O-O 16.g3
Nh3+ 17.Kg2 d6 18.f3 Qe6 19.Nd5 Qd7 20.Ne3 {#r} 1-0

[Event "Ch Europe (juniors) (under 12)"]
[Site "masterchessopen.com Mureck (Austria)"]
[Round "3"]
[White "Grachev Boris (RUS)"]
[Black "Manescu Tiberiu (ROM)"]
[Result "0-1"]
[WhiteElo "2235"]
[BlackElo "2402"]

1.e4 c5 2.Nf3 Nc6 3.d4 cxd4 4.Nxd4 g6 5.c4 Bg7 6.Be3 Nf6 7.Nc3 Ng4 8.Qxg4 Nxd4
9.Qd1 Ne6 10.Rc1 Qa5 11.Qd2 d6 12.Be2 Bd7 13.O-O Bc6 14.f3 Rc8 15.Rfd1 g5
16.Bf1 h5 17.Qf2 b6 18.a3 g4 19.Nd5 gxf3 20.gxf3 Rg8 21.Kh1 Qa4 22.Bh3 Bd7
23.Qh4 Bf8 24.Bh6 Qb3 25.Rf1 Ng7 26.Rc3 Qxb2 27.Rg1 Bxh3 28.Bxg7 Rc5 29.Re3
Rxg7 30.Rxg7 Qxg7 31.Qxh3 e6 32.Nf4 Qg5 33.Qg3 Bh6 34.Rd3 Qxf4 35.Qg8+ Bf8
{#R} 0-1

[Event "Ch Spain (juniors) (under 18)"]
[Site "masterchessopen.com Oropesa (Spain)"]
[Round "0"]
[White "Gomez Lopez Roberto (ESP)"]
[Black "Garcia Romero Benjamin Abel (ESP)"]
[Result "1-0"]
[WhiteElo "2208"]
[BlackElo "2207"]

1.e4 c5 2.Nf3 Nc6 3.d4 cxd4 4.Nxd4 g6 5.c4 Bg7 6.Be3 Nf6 7.Nc3 Ng4 8.Qxg4 Nxd4
9.O-O-O d6 10.Qh4 Ne6 11.Nd5 h5 12.f4 Nc7 13.Bd3 Nxd5 14.exd5 Bg4 15.Rde1 Bf6
16.Qf2 O-O 17.h3 Bd7 18.g4 Qa5 19.Kb1 b5 20.c5 dxc5 21.Bxc5 b4 22.gxh5 Rfc8
23.Rc1 Bxb2 24.Qxb2 Rxc5 25.hxg6 f6 26.d6 exd6 27.Qxf6 Rf8 28.Qe7 {#r} 1-0

[Event "Ch Hungary (open)"]
[Site "masterchessopen.com Pecs (Hungary)"]
[Round "1"]
[White "Horvath Gyula (HUN)"]
[Black "Hocevar Nikola (SLO)"]
[Result "1-0"]
[WhiteElo "2465"]
[BlackElo "2220"]

1.c4 c5 2.Nf3 Nc6 3.d4 cxd4 4.Nxd4 g6 5.e4 Bg7 6.Be3 Nf6 7.Nc3 Ng4 8.Qxg4 Nxd4
9.Qd1 Ne6 10.Rc1 Qa5 11.Bd3 d6 12.O-O O-O 13.a3 Bd7 14.f4 Bd4 15.Bxd4 Nxd4
16.Kh1 e6 17.Bb1 Qb6 18.b4 e5 19.c5 dxc5 20.bxc5 Qe6 21.Ba2 Qg4 22.fxe5 Nc6
23.Qd6 Rad8 24.Nd5 {#r} 1-0

[Event "Ch Russia (1/2 final)"]
[Site "masterchessopen.com Perm (Russia)"]
[Round "1"]
[White "Buneev Yury (RUS)"]
[Black "Kalegin Evgenij (RUS)"]
[Result "0-1"]
[WhiteElo "2153"]
[BlackElo "2460"]

1.Nf3 c5 2.c4 g6 3.d4 cxd4 4.Nxd4 Bg7 5.e4 Nc6 6.Be3 Nf6 7.Nc3 Ng4 8.Qxg4 Bxd4
9.Bxd4 Nxd4 10.Qd1 e5 11.Bd3 d6 12.O-O O-O 13.f4 exf4 14.Rxf4 Qg5 15.Rf2 Be6
16.Bf1 Nc6 17.Qd2 Qc5 18.Na4 Qe5 19.Re1 Rfe8 20.Nc3 a6 21.a3 Na5 22.Rd1 Bxc4
23.Qxd6 Bxf1 24.Kxf1 Nc4 25.Qxe5 Nxe5 26.Nd5 Kg7 27.Re2 Nc6 28.Nc3 Re7 {#R}
0-1

[Event "It (open) (juniors) (under 18)"]
[Site "masterchessopen.com San Agustin (Spain)"]
[Round "8"]
[White "Gunnarsson Jon Viktor (ISL)"]
[Black "Sanchez Repullo Daniel (ESP)"]
[Result "1-0"]
[WhiteElo "2445"]
[BlackElo "2254"]

1.e4 c5 2.Nf3 Nc6 3.d4 cxd4 4.Nxd4 g6 5.c4 Bg7 6.Be3 Nf6 7.Nc3 Ng4 8.Qxg4 Nxd4
9.Qd1 Ne6 10.Qd2 O-O 11.Be2 b6 12.O-O Bb7 13.f3 f5 14.exf5 gxf5 15.Nd5 Qe8
16.Rad1 d6 17.b4 Kh8 18.f4 Rc8 19.Bf2 b5 20.Qe3 Qf7 21.Bf3 Rxc4 22.Qxa7 Ba8
23.Rfe1 Re8 24.Rd3 Re4 25.Bxe4 fxe4 26.Rxe4 Bxd5 27.Rxd5 Nxf4 28.Rxd6 Qf5
29.Qd7 {#r} 1-0

[Event "It (open) \"]
[Site "masterchessopen.com St. Petersburg (Russia)"]
[Round "6"]
[White "Sivokho Sergey (RUS)"]
[Black "Ivanov Mikhail I (RUS)"]
[Result "1-0"]
[WhiteElo "2425"]
[BlackElo "2325"]

1.e4 c5 2.Nf3 Nc6 3.d4 cxd4 4.Nxd4 g6 5.c4 Bg7 6.Be3 Nf6 7.Nc3 Ng4 8.Qxg4 Nxd4
9.Qd1 Ne6 10.Rc1 Qa5 11.Bd3 Qb4 12.Qd2 d6 13.O-O Bd7 14.Rfd1 Bc6 15.a3 Qb3
16.Kh1 h6 17.f4 g5 18.f5 Nc5 19.Bb1 a5 20.Qe2 Kf8 21.e5 Na4 22.Nxa4 Bxa4
23.Rd3 Bxe5 24.Rxb3 Bxb3 25.Be4 Kg7 26.Bxb7 Rab8 27.Bd5 Rhf8 28.Qd2 {#r} 1-0

[Event "It (cat.9)"]
[Site "masterchessopen.com Stockholm (Sweden)"]
[Round "1"]
[White "Engqvist Thomas (SWE)"]
[Black "Sjoberg Mats (SWE)"]
[Result "1-0"]
[WhiteElo "2330"]
[BlackElo "2385"]

1.Nf3 c5 2.c4 g6 3.d4 cxd4 4.Nxd4 Bg7 5.e4 Nc6 6.Be3 Nf6 7.Nc3 Ng4 8.Qxg4 Bxd4
9.Bxd4 Nxd4 10.Qd1 e5 11.Bd3 Qg5 12.O-O d6 13.Kh1 O-O 14.Nb5 Nxb5 15.cxb5 Be6
16.Qc1 Qxc1 17.Rfxc1 Rac8 18.Kg1 Rxc1+ 19.Rxc1 Rd8 20.Rc7 d5 21.h3 f5 22.exf5
gxf5 23.Rxb7 e4 24.Be2 d4 25.Rxa7 d3 26.Bd1 f4 27.b6 e3 28.fxe3 fxe3 29.Re7
Bxa2 30.Rxe3 Rd6 31.Re8+ {#r} 1-0

[Event "Ch Euskadi"]
[Site "masterchessopen.com Subijana de Alava (Spain)"]
[Round "0"]
[White "Alvarez Ibarra Rafael (ESP)"]
[Black "Arnold Perier Felipe (ESP)"]
[Result "1-0"]
[WhiteElo "2400"]
[BlackElo "2163"]

1.Nf3 c5 2.c4 g6 3.d4 cxd4 4.Nxd4 Nc6 5.e4 Bg7 6.Be3 Nf6 7.Nc3 Ng4 8.Qxg4 Nxd4
9.Qd1 Ne6 10.Rc1 Qa5 11.Qd2 b6 12.b3 Bb7 13.Nd5 Qxd2+ 14.Kxd2 f5 15.exf5 gxf5
16.Bd3 Rf8 17.f4 Rc8 18.Rhe1 Nd8 19.Bd4 Bxd5 20.Bxg7 Rg8 21.cxd5 Rxc1 22.Rxc1
Rxg7 23.g3 Rf7 24.Be2 {#r} 1-0

[Event "Ch Euskadi"]
[Site "masterchessopen.com Subijana de Alava (Spain)"]
[Round "0"]
[White "Gomez Esteban Juan Mario (ESP)"]
[Black "Arnold Perier Felipe (ESP)"]
[Result "1-0"]
[WhiteElo "2475"]
[BlackElo "2163"]

1.Nf3 c5 2.c4 g6 3.d4 cxd4 4.Nxd4 Nc6 5.e4 Bg7 6.Be3 Nf6 7.Nc3 Ng4 8.Qxg4 Nxd4
9.Qd1 Ne6 10.Rc1 Qa5 11.a3 b6 12.Bd3 Bb7 13.O-O g5 14.Rc2 h5 15.Nd5 Be5 16.Qb1
Nf4 17.Rd1 Qa4 18.Bf1 Rg8 19.b3 Qc6 20.c5 b5 21.f3 e6 22.Nb4 Qc7 23.Bxb5 Bc6
24.Bxc6 dxc6 25.Rcd2 g4 26.Kh1 a5 27.Nd3 gxf3 28.gxf3 Nh3 29.Nxe5 Qxe5 30.Qd3
Rb8 31.Qd7+ Kf8 32.Bh6+ Rg7 33.Rg2 {#r} 1-0

[Event "It (open)"]
[Site "masterchessopen.com Vlissingen (Netherlands)"]
[Round "5"]
[White "Erwich Frans AGM (NED)"]
[Black "Roobol Martin (NED)"]
[Result "0-1"]
[WhiteElo "2105"]
[BlackElo "2260"]

1.e4 c5 2.c4 Nc6 3.Ne2 g6 4.d4 cxd4 5.Nxd4 Bg7 6.Be3 Nf6 7.Nc3 Ng4 8.Qxg4 Nxd4
9.Qd1 e5 10.Nb5 O-O 11.Qd2 Qe7 12.O-O-O Nxb5 13.cxb5 d5 14.exd5 Rd8 15.d6 Qe6
16.Kb1 Bf8 17.Qc3 Qf5+ 18.Bd3 Qf6 19.h4 Rxd6 20.Ka1 Be6 21.f4 Rc8 22.Qxe5 Qd8
23.Be2 Qa5 24.a3 Rxd1+ 25.Rxd1 Bxa3 {#R} 0-1

[Event "It (open) (b)"]
[Site "masterchessopen.com Witley (England)"]
[Round "6"]
[White "Sarkar Justin (USA)"]
[Black "Edmans Alex (ENG)"]
[Result "1-0"]
[WhiteElo "2195"]
[BlackElo "2039"]

1.e4 c5 2.Nf3 Nc6 3.d4 cxd4 4.Nxd4 g6 5.c4 Bg7 6.Be3 Nf6 7.Nc3 Ng4 8.Qxg4 Nxd4
9.Qd1 Ne6 10.Rc1 b6 11.Bd3 Bb7 12.O-O Nc5 13.Bb1 O-O 14.f3 Ba6 15.Qe2 Rc8
16.b3 Ne6 17.Rfd1 Be5 18.Nd5 Nc7 19.f4 Nxd5 20.Rxd5 Bg7 21.Rcd1 d6 22.e5 Rc6
23.Be4 Qc7 24.R5d2 dxe5 25.Rd7 Qc8 26.Bxc6 Qxc6 27.fxe5 Bxe5 28.Qf3 Qe6
29.Rxa7 Bc8 30.Bh6 Re8 31.Qd5 Qf6 32.Qd8 Qc6 33.Rxe7 Qc5+ 34.Kf1 {#r} 1-0

[Event "Cup Karacsony"]
[Site "masterchessopen.com Debrecen (Hungary)"]
[Date "1998.12.29"]
[Round "6"]
[White "Restas Peter (HUN)"]
[Black "Kelemen Imre (HUN)"]
[Result "1-0"]
[WhiteElo "2270"]
[BlackElo "2120"]

1.d4 Nf6 2.Nf3 g6 3.c4 c5 4.Nc3 cxd4 5.Nxd4 Nc6 6.e4 Bg7 7.Be3 Ng4 8.Qxg4 Nxd4
9.Qd1 e5 10.Nb5 Qa5+ 11.Bd2 Qb6 12.c5 Qc6 13.Nd6+ Ke7 14.Rc1 b6 15.Bc4 f6
16.Bd5 Qc7 17.Bxa8 Ba6 18.Bd5 Be2 19.Qa4 Rb8 20.cxb6 Qxb6 21.Nc8+ Rxc8 22.Rxc8
Qxb2 23.Bb4+ {#r} 1-0

[Event "Ch Belgium (team) 1998/99"]
[Site "masterchessopen.com Belgium"]
[Round "7"]
[White "Kern Guido (GER)"]
[Black "Gulbas Cemil (BEL)"]
[Result "0-1"]
[WhiteElo "2390"]
[BlackElo "2178"]

1.Nf3 c5 2.c4 Nc6 3.d4 cxd4 4.Nxd4 g6 5.e4 Bg7 6.Be3 Nf6 7.Nc3 Ng4 8.Qxg4 Nxd4
9.Qd1 e5 10.Bd3 O-O 11.O-O Ne6 12.c5 d6 13.cxd6 Qxd6 14.Bc4 Nd4 15.Nd5 b5
16.Bxd4 exd4 17.Bb3 a5 18.a3 Ba6 19.Rc1 b4 20.Rc6 Qd8 21.Re1 bxa3 22.bxa3 Bb7
23.Rc1 Kh8 24.f3 f5 25.Qd2 fxe4 26.fxe4 Be5 27.Qd3 Qd6 28.Qh3 Bc8 29.Qh4 Qxa3
30.Nb6 d3 31.Qg5 Bd4+ 32.Kh1 Qxb3 33.Qe7 Qb4 34.Qxb4 axb4 35.Nxa8 d2 {#R} 0-1

[Event "It (cat.10)"]
[Site "masterchessopen.com Berlin (Germany)"]
[Round "11"]
[White "Lagunow Alexander (GER)"]
[Black "Glienke Manfred Dr (GER)"]
[Result "1-0"]
[WhiteElo "2438"]
[BlackElo "2389"]

1.e4 c5 2.Nf3 Nc6 3.d4 cxd4 4.Nxd4 g6 5.c4 Bg7 6.Be3 Nf6 7.Nc3 Ng4 8.Qxg4 Nxd4
9.Qd1 Nc6 10.Rc1 O-O 11.Bd3 d6 12.O-O Ne5 13.Bb1 b6 14.Qd2 Bb7 15.Nd5 Re8
16.Bg5 Rc8 17.b4 Nd7 18.Bd3 Nf6 19.f3 Nxd5 20.exd5 Qd7 21.Rfd1 Rc7 22.Bf1 Qf5
23.Be3 Rec8 24.a4 h5 25.b5 Ba8 26.Rc2 h4 27.h3 Be5 28.a5 bxa5 29.Ra2 e6
30.dxe6 Qxe6 31.Rxa5 d5 32.cxd5 Qd7 33.Bd4 Qxd5 34.Bxe5 Qxe5 35.b6 {#r} 1-0

[Event "It (open)"]
[Site "masterchessopen.com Bern (Switzerland)"]
[Round "7"]
[White "Velicka Petr (CZE)"]
[Black "Habibi Ali (GER)"]
[Result "1-0"]
[WhiteElo "2440"]
[BlackElo "2343"]

1.e4 c5 2.Nf3 g6 3.c4 Bg7 4.d4 cxd4 5.Nxd4 Nc6 6.Be3 Nf6 7.Nc3 Ng4 8.Qxg4 Nxd4
9.Qd1 Nc6 10.Rc1 Qa5 11.a3 d6 12.Be2 O-O 13.O-O Be6 14.Qd2 Rfc8 15.Rfd1 f5
16.exf5 Qxf5 17.Nd5 Bf7 18.b4 e6 19.Nf4 Be5 20.Bf3 Rc7 21.h3 h5 22.Ne2 Qf6
23.Bxc6 Rxc6 24.f4 Bb2 25.Rb1 {#r} 1-0

[Event "Tournament"]
[Site "masterchessopen.com Besancon (France)"]
[Round "3"]
[White "Roos Louis (FRA)"]
[Black "Philippe Christophe (FRA)"]
[Result "1-0"]
[WhiteElo "2353"]
[BlackElo "2260"]

1.d4 Nf6 2.Nf3 g6 3.c4 c5 4.Nc3 cxd4 5.Nxd4 Nc6 6.e4 Bg7 7.Be3 Ng4 8.Qxg4 Nxd4
9.Qd1 e5 10.Be2 O-O 11.O-O d6 12.Qd2 Be6 13.b3 f5 14.f3 a6 15.Bd3 Rf7 16.Rad1
Qh4 17.Ne2 f4 18.Bf2 Qg5 19.Nxd4 exd4 20.Rfe1 b5 21.Bf1 bxc4 22.bxc4 Rc8
23.Bxd4 Bxc4 24.Bxg7 Bxf1 25.Ba1 Bb5 26.e5 dxe5 27.Rxe5 Qf6 28.Rxb5 Qc6 {#r}
1-0

[Event "It (open) \"]
[Site "masterchessopen.com Brazil"]
[Round "0"]
[White "Okamura Milton Kasuo (BRA)"]
[Black "Rios Filho Hilton Carlos (BRA)"]
[Result "0-1"]
[WhiteElo "2240"]
[BlackElo "2278"]

1.Nf3 g6 2.e4 c5 3.d4 cxd4 4.Nxd4 Bg7 5.c4 Nc6 6.Be3 Nf6 7.Nc3 Ng4 8.Qxg4 Nxd4
9.Qd1 Ne6 10.Qd2 Qa5 11.Be2 Bxc3 12.bxc3 b6 13.O-O Bb7 14.Bd3 Rc8 15.f4 Nc5
16.Bd4 f6 17.e5 Ne6 18.Qe3 f5 19.Qe2 Qa4 20.Rab1 Rc7 21.Be3 Qc6 22.Rb4 O-O
{#R} 0-1

[Event "It (cat.4)"]
[Site "masterchessopen.com Budapest (Hungary)"]
[Round "6"]
[White "Czebe Attila (HUN)"]
[Black "Philippe Christophe (FRA)"]
[Result "1-0"]
[WhiteElo "2414"]
[BlackElo "2260"]

1.e4 c5 2.Nf3 Nc6 3.d4 cxd4 4.Nxd4 g6 5.c4 Bg7 6.Be3 Nf6 7.Nc3 Ng4 8.Qxg4 Nxd4
9.Qd1 e5 10.Qd2 O-O 11.Nb5 Qe7 12.Be2 f5 13.Nxd4 exd4 14.Bxd4 Bxd4 15.Qxd4
fxe4 16.O-O d6 17.Rad1 Rf6 18.Rfe1 Bf5 19.Bf3 Re6 20.Be2 h5 21.Qe3 Kh7 22.Rd5
Re5 23.Red1 Rxd5 24.Rxd5 Rc8 25.Qxa7 Rc5 26.Qb6 Bg4 27.Rxd6 e3 28.f3 Bxf3
29.Qxc5 Bxe2 30.Rc6 Qe4 31.Rc7+ Kh6 32.Qf8+ Kg5 33.Rc5+ Kg4 34.Qc8+ {#r} 1-0

[Event "It (open)"]
[Site "masterchessopen.com Budapest (Hungary)"]
[Round "2"]
[White "Bednay Dezso (HUN)"]
[Black "Hocevar Nikola (SLO)"]
[Result "0-1"]
[WhiteElo "2073"]
[BlackElo "2174"]

1.e4 c5 2.Nf3 Nc6 3.d4 cxd4 4.Nxd4 g6 5.c4 Bg7 6.Be3 Nf6 7.Nc3 Ng4 8.Qxg4 Nxd4
9.Qd1 e5 10.Nd5 d6 11.Bd3 Be6 12.O-O O-O 13.Rc1 b6 14.Qd2 Rc8 15.b3 Qd7 16.Kh1
Bxd5 17.cxd5 Rxc1 18.Rxc1 Rc8 19.Bxd4 exd4 20.a4 Rc3 21.Rxc3 dxc3 22.Qc2 Qg4
23.Kg1 Bd4 24.Kf1 Qf4 {#R} 0-1

[Event "Ch ACT (reserves)"]
[Site "masterchessopen.com Canberra (Australia)"]
[Round "6"]
[White "Petersons Haralds"]
[Black "Mangazeev Vladimir"]
[Result "0-1"]
[WhiteElo "1747"]
[BlackElo "1507"]

1.e4 c5 2.Nf3 Nc6 3.d4 cxd4 4.Nxd4 g6 5.c4 Bg7 6.Be3 Nf6 7.Nc3 Ng4 8.Qxg4 Nxd4
9.Qd1 Ne6 10.Rc1 Qa5 11.Bd3 b6 12.Bb1 Bb7 13.O-O Rc8 14.Qe2 g5 15.Nd5 Nf4
16.Nxf4 gxf4 17.Bxf4 h5 18.b3 d6 19.Rfe1 Rg8 20.g3 Bc3 21.Red1 h4 22.Bd2 Bxd2
23.Rxd2 Qg5 24.Re1 Rc5 25.Rd3 Re5 26.Re3 Qh6 27.Rf1 hxg3 28.fxg3 Bc8 29.Rf4
Qxf4 {#R} 0-1

[Event "It (open)"]
[Site "masterchessopen.com Chania (Greece)"]
[Round "3"]
[White "Marjanovic Slavoljub (SRB)"]
[Black "Karapanos Nikolaos (GRE)"]
[Result "1-0"]
[WhiteElo "2508"]
[BlackElo "2313"]

1.e4 c5 2.Nf3 Nc6 3.d4 cxd4 4.Nxd4 g6 5.c4 Bg7 6.Be3 Nf6 7.Nc3 Ng4 8.Qxg4 Nxd4
9.Qd1 e5 10.Nb5 O-O 11.Qd2 Qh4 12.Bd3 d5 13.h3 dxe4 14.Bg5 Qh5 15.Bxe4 Ne6
16.Be3 Rd8 17.Qa5 Bd7 18.Bxb7 Nf4 19.Bf3 Nd3+ 20.Kf1 Qh4 21.Nd6 Rab8 22.Qd5
Bf5 23.Qxf7+ Kh8 24.g3 Qxh3+ 25.Kg1 {#r} 1-0

[Event "Ch Denmark (team) 1999/00 (3 div)"]
[Site "masterchessopen.com Denmark"]
[Round "2"]
[White "Holst Per (DEN)"]
[Black "Henriksen Bo (DEN)"]
[Result "1-0"]
[WhiteElo "2115"]
[BlackElo "2190"]

1.e4 c5 2.Nf3 Nc6 3.d4 cxd4 4.Nxd4 g6 5.c4 Nf6 6.Nc3 Bg7 7.Be3 Ng4 8.Qxg4 Nxd4
9.Qd1 Ne6 10.Be2 Qa5 11.Qd2 b6 12.O-O Bb7 13.f3 g5 14.Nd1 Qe5 15.Nc3 Rc8
16.Rab1 Nf4 17.Rfd1 d6 18.Bf1 O-O 19.Nb5 a6 20.Bd4 Qe6 21.Bxg7 Kxg7 22.Nd4 Qe5
23.Nf5+ Kg8 24.g3 Ng6 25.Qxg5 f6 26.Qh6 Rf7 27.Qe3 Qc5 28.Qxc5 bxc5 29.Nh6+
{#r} 1-0

[Event "It (open)"]
[Site "masterchessopen.com Fouesnant (France)"]
[Round "7"]
[White "Lukov Valentin (BUL)"]
[Black "Le Roux Jean-Pierre (FRA)"]
[Result "1-0"]
[WhiteElo "2458"]
[BlackElo "2239"]

1.Nf3 c5 2.c4 g6 3.d4 cxd4 4.Nxd4 Bg7 5.e4 Nc6 6.Be3 Nf6 7.Nc3 Ng4 8.Qxg4 Nxd4
9.Qd1 Ne6 10.Rc1 Qa5 11.Qd2 g5 12.b3 Qe5 13.Qd5 h5 14.Qxe5 Bxe5 15.Nd5 h4
16.Kd2 Nf4 17.Nb4 f5 18.exf5 b6 19.Nd3 Nxd3 20.Bxd3 Bb7 21.h3 g4 22.Rcg1 gxh3
23.Rxh3 Kf7 24.f3 Bf6 25.Ke2 Rag8 26.Bf2 Rg7 27.g4 Bg5 28.Be4 Ba6 29.a4 Rgh7
30.Be3 Bxe3 31.Kxe3 {#r} 1-0

[Event "Bayern Oberliga"]
[Site "masterchessopen.com Germany"]
[Round "3"]
[White "Liepold Stefan (GER)"]
[Black "Mandl Robert (GER)"]
[Result "0-1"]
[WhiteElo "2270"]
[BlackElo "2397"]

1.e4 c5 2.Nf3 Nc6 3.d4 cxd4 4.Nxd4 g6 5.c4 Bg7 6.Be3 Nf6 7.Nc3 Ng4 8.Qxg4 Nxd4
9.Qd1 Ne6 10.Rc1 Qa5 11.Bd3 b6 12.O-O Bb7 13.f4 O-O 14.a3 Nc5 15.e5 Nxd3
16.Qxd3 Rad8 17.b4 Qa6 18.b5 Qa5 19.Bd2 Qxa3 20.Ra1 Qc5+ 21.Be3 Qc8 22.Rxa7 d6
23.e6 fxe6 24.Bxb6 Rd7 25.Be3 Bxg2 26.Kxg2 Rxa7 27.Bxa7 Bxc3 28.Qe4 e5 29.f5
gxf5 30.Qd5+ e6 31.Qd3 Qb7+ 32.Kg1 Qxa7+ {#R} 0-1

[Event "Bundesliga (2nd) West 1999/00"]
[Site "masterchessopen.com Germany"]
[Round "2"]
[White "Hendriks Willy (NED)"]
[Black "Dahm Jochen (GER)"]
[Result "1-0"]
[WhiteElo "2378"]
[BlackElo "2194"]

1.e4 c5 2.Nf3 g6 3.d4 cxd4 4.Nxd4 Nc6 5.c4 Bg7 6.Be3 Nf6 7.Nc3 Ng4 8.Qxg4 Nxd4
9.Qd1 Ne6 10.Rc1 Qa5 11.Bd3 g5 12.O-O b6 13.Qd2 Bb7 14.Rfd1 Be5 15.Bb1 d6
16.g3 h5 17.Qe2 Bxc3 18.Rxc3 h4 19.Rd5 Bxd5 20.exd5 hxg3 21.hxg3 Nc7 22.Bd4
Rh6 23.Ra3 {#r} 1-0

[Event "It (open)"]
[Site "masterchessopen.com Haarlem (Netherlands)"]
[Round "1"]
[White "Erwich Frank AS (NED)"]
[Black "Van Eijk Jasper (NED)"]
[Result "1-0"]
[WhiteElo "2196"]
[BlackElo "2122"]

1.e4 c5 2.c4 Nc6 3.Ne2 Nf6 4.Nbc3 g6 5.d4 cxd4 6.Nxd4 Bg7 7.Be3 Ng4 8.Qxg4
Nxd4 9.Qd1 e5 10.Nb5 O-O 11.Qd2 Qh4 12.Bd3 d5 13.cxd5 Bd7 14.Nxd4 exd4 15.Bg5
Qh5 16.Be2 Bg4 17.f3 Bd7 18.h4 f5 19.f4 {#r} 1-0

[Event "Tournament (provincial)"]
[Site "masterchessopen.com Habana (Cuba)"]
[Round "0"]
[White "Hernandez Holden (CUB)"]
[Black "Toledo Wilfredo (CUB)"]
[Result "1-0"]
[WhiteElo "2305"]
[BlackElo "2155"]

1.e4 c5 2.Nf3 Nc6 3.d4 cxd4 4.Nxd4 g6 5.c4 Bg7 6.Be3 Nf6 7.Nc3 Ng4 8.Qxg4 Nxd4
9.Qd1 Ne6 10.Rc1 d6 11.Bd3 O-O 12.Qd2 Nc5 13.Bb1 f5 14.O-O a5 15.Rfe1 Nd7
16.Bg5 Nf6 17.exf5 Bxf5 18.Bxf5 gxf5 19.Re6 Qd7 20.Rce1 Rae8 21.f4 Kh8 22.R6e3
Qc6 23.Qd3 Ng4 24.h3 Nxe3 25.Rxe3 e5 26.Kh2 e4 27.Qe2 Bd4 28.Rg3 a4 29.Nd5 b5
30.Qh5 Qxc4 31.Bf6+ Bxf6 32.Nxf6 Re7 33.Qh6 Qf7 34.Nxh7 Qxh7 35.Qxf8+ {#r} 1-0

[Event "Ch Hungary (team) 1999/00 (2 liga)"]
[Site "masterchessopen.com Hungary"]
[Round "2"]
[White "Nemeth Jozsef (HUN)"]
[Black "Juhasz Mark (HUN)"]
[Result "1-0"]
[WhiteElo "2005"]
[BlackElo "2195"]

1.d4 Nf6 2.c4 c5 3.Nf3 cxd4 4.Nxd4 Nc6 5.Nc3 g6 6.e4 Bg7 7.Be3 Ng4 8.Qxg4 Nxd4
9.Qd1 Ne6 10.Qd2 Qa5 11.Rc1 b6 12.Be2 Bb7 13.f3 Bc6 14.O-O g5 15.b3 Qe5 16.Nd5
Rg8 17.Rcd1 Rd8 18.Nb4 Bb7 19.Nd5 Qb8 20.Qb4 Bxd5 21.exd5 Nf4 22.Rfe1 Be5
23.Bf1 Nh5 24.d6 e6 25.c5 Nf4 26.Qe4 Bc3 27.c6 Qa8 28.c7 Rc8 29.Qxa8 Rxa8
30.Bxf4 Bxe1 31.Rc1 Rc8 32.Ba6 {#r} 1-0

[Event "Ch Russia (1/2 final)"]
[Site "masterchessopen.com Krasnodar (Russia)"]
[Round "2"]
[White "Bragin Alexander (RUS)"]
[Black "Bondarev B (RUS)"]
[Result "1-0"]
[WhiteElo "2390"]
[BlackElo "2199"]

1.e4 c5 2.Nf3 Nc6 3.d4 cxd4 4.Nxd4 g6 5.c4 Bg7 6.Be3 Nf6 7.Nc3 Ng4 8.Qxg4 Nxd4
9.Qd1 Ne6 10.Rc1 b6 11.b4 Bb7 12.Bd3 h5 13.O-O g5 14.Nd5 Be5 15.c5 Nf4 16.Bb5
Bc6 17.Ba6 e6 18.Bd4 Qb8 19.Nxf4 Bxd4 20.Qxd4 e5 21.Qc3 gxf4 22.b5 Bxe4
23.Rfe1 Bg6 24.Rxe5+ Kf8 25.Re8+ {#r} 1-0

[Event "Ch Europe (for the Blind)"]
[Site "masterchessopen.com Krynica (Poland)"]
[Round "8"]
[White "Enjuto Velasco Roberto (ESP)"]
[Black "Dobierzin Olaf (GER)"]
[Result "1-0"]
[WhiteElo "2117"]
[BlackElo "2154"]

1.e4 c5 2.Nf3 Nc6 3.d4 cxd4 4.Nxd4 g6 5.c4 Bg7 6.Be3 Nf6 7.Nc3 Ng4 8.Qxg4 Nxd4
9.Qd1 Ne6 10.Rc1 Qa5 11.Be2 b6 12.O-O Bb7 13.f3 g5 14.Rf2 h5 15.Bf1 h4 16.Rd2
d6 17.Nd5 Rc8 18.a4 Bc6 19.Ra1 Bd7 20.b4 Qa6 21.c5 Qb7 22.cxd6 exd6 23.a5 b5
24.Rc1 Rxc1 25.Qxc1 Be5 26.Rc2 f6 27.Nc7+ Kd8 28.Nxb5 Bxb5 29.Bxb5 Ke7 30.Bc6
Qxb4 31.Bd5 Nc5 32.Rxc5 {#r} 1-0

[Event "It (open)"]
[Site "masterchessopen.com Laukaa (Finland)"]
[Round "2"]
[White "Franssila Tommi (FIN)"]
[Black "Malcsev Alexander (RUS)"]
[Result "0-1"]
[WhiteElo "2192"]
[BlackElo "2355"]

1.e4 c5 2.Nf3 Nc6 3.d4 cxd4 4.Nxd4 g6 5.c4 Bg7 6.Be3 Nf6 7.Nc3 Ng4 8.Qxg4 Bxd4
9.Bxd4 Nxd4 10.O-O-O e5 11.Qg3 d6 12.Nb5 Nxb5 13.cxb5 Be6 14.Kb1 O-O 15.Be2
Qa5 16.a3 Rac8 17.Rxd6 Qa4 18.Qd3 Bc4 19.Qd2 Bb3 20.Bd3 Rc5 21.Rc1 Rfc8
22.Rxc5 Rxc5 23.h4 Be6 24.Bc2 Qc4 25.b3 Qxb5 26.Rd8+ Kg7 27.Qd6 Bxb3 28.Qf8+
Kf6 29.Qh8+ Ke6 30.Re8+ Kd7 31.Rd8+ Kc7 32.Rc8+ Kb6 33.Qd8+ Ka6 34.Qf6+ Be6+
{#R} 0-1

[Event "Ch Netherlands (juniors) (under 16)"]
[Site "masterchessopen.com Leiden (Netherlands)"]
[Round "7"]
[White "Azadmanesh Moosa (NED)"]
[Black "Kodentsov Grisja (NED)"]
[Result "1-0"]
[WhiteElo "2147"]
[BlackElo "2275"]

1.e4 c5 2.Nf3 Nc6 3.d4 cxd4 4.Nxd4 g6 5.c4 Bg7 6.Be3 Nf6 7.Nc3 Ng4 8.Qxg4 Nxd4
9.Qd1 Ne6 10.Rc1 Qa5 11.Bd3 b6 12.O-O Bxc3 13.Rxc3 Bb7 14.f4 O-O 15.a3 b5
16.cxb5 Qd8 17.f5 Ng7 18.Qg4 d5 19.fxg6 hxg6 20.exd5 Qxd5 21.Bc4 Qe4 22.Rf4
Qb1+ 23.Rc1 Qxb2 24.Qxg6 e6 25.Qg3 Rfc8 26.Rcf1 Rxc4 27.Rxc4 e5 28.Rc7 Bd5
29.Bh6 e4 30.Rc3 Kf8 31.Qxg7+ Ke8 32.Qf8+ {#r} 1-0